| 000 | 01011nam a22002175i 4500 | ||
|---|---|---|---|
| 001 | 166335 | ||
| 003 | ES-MaACL | ||
| 005 | 20250728030933.0 | ||
| 008 | 981002s1874 fr a |||| | fre d | ||
| 040 |
_aCLM _bspa _cCCPB | 3D |
||
| 100 | 1 |
_aTissandier, Gaston ( _d1843-1899) _9133269 |
|
| 245 | 1 | 4 |
_aLes merveilles de la photographie / _cpar Gaston Tissandier ; ouvrage illustrée de 65 vignettes par Jahandier, etc. et d'une planche tirée a la presse photoglyptique. |
| 260 |
_aParis : _bLibrairie Hachette et Cie, _c1874 ( _fImp. Simon Raçon et Comp.) |
||
| 300 |
_a331 p., [1] h. de lám. : _bil. ; _c18 cm. |
||
| 490 | 1 | _aBibliothèque des Merveilles / publiée sous la direction de Edouard Charton | |
| 650 | 0 | 7 |
_aFotografía _2embne _912943 |
| 700 | 1 |
_aCharton, Edouard. _9126464 |
|
| 830 | 0 |
_aBibliothèque des Merveilles / publiée sous la direction de Edouard Charton _9188261 |
|
| 852 |
_aES-MaACL _jD-857 _z-- Rust. deteriorada _z-- Legado M. de la Fuente |
||
| 999 |
_c166335 _d166335 |
||